La biblioteca (notice nᵒ 10903)
[ vue normale ]
| 000 -Sello discográfico | |
|---|---|
| campo de control de longitud fija | 01016nam a2200289 4500 |
| 005 - Identificación de versión | |
| campo de control | 20251016114340.0 |
| 010 ## - Número Estándar Internacional de Libros (ISBN) | |
| Número (ISBN) | 968-12-0853-6 |
| 099 ## - fechas locales | |
| Tipo de ítem Koha | LIBRO |
| 100 ## - Datos de procesamiento general | |
| Datos de procesamiento general | 20040227d19971983m y1spay5003 ba |
| 101 1# - Idioma del recurso | |
| Idioma del texto, banda sonora, etc. | Español; Castellano |
| 105 ## - Campo de datos codificados: Material textual, monográfico | |
| Datos codificados de monografía | a 001zy |
| 200 1# - Título y mención de responsabilidad | |
| Título propio | La biblioteca |
| Designación general del material | texto impreso |
| Otra información del título | bibliosistemática e información |
| Primer mención de responsabilidad | Berta Enciso |
| 205 ## - Declaración de edición | |
| Declaración de edición | 2a ed corregida |
| 210 ## - Publicación, distribución, etc. | |
| Lugar de publicación, distribución, etc. | México |
| Nombre del editor, distribuidor, etc. | El Colegio de México, Biblioteca Daniel Cosío Villegas |
| Fecha de publicación, distribución, etc. | 1997 |
| 215 ## - Descripción física | |
| Designación de material específico y extensión del ítem | 148 p |
| Otras características físicas | il. |
| Dimensiones | 18 cm |
| 345 ## - Nota de información de adquisición | |
| Fuente de adquisición/dirección de la suscripción [OBSOLETO] | Donación |
| 606 ## - Término temático usado como materia | |
| Elemento de entrada | Bibliotecas |
| Subdivisión temática | Administración |
| -- | Metodología |
| Número Koha | 17452 |
| 606 ## - Término temático usado como materia | |
| Elemento de entrada | Bibliotecas |
| Subdivisión temática | Automatización |
| Número Koha | 17455 |
| 606 ## - Término temático usado como materia | |
| Elemento de entrada | Bibliotecas y sociedad |
| Número Koha | 17456 |
| 606 ## - Término temático usado como materia | |
| Elemento de entrada | Análisis de sistemas |
| Número Koha | 19455 |
| 700 ## - Nombre personal - Responsabilidad primaria | |
| Elemento de entrada | Enciso Carvajal |
| Parte del nombre distinta del elemento de entrada | Berta |
| Fechas | 1935-2022 |
| Número Koha | 17457 |
| 801 #0 - Fuente de origen | |
| País | FR |
| Agencia | cm |
| Reglas de catalogación (convenciones descriptivas) | AFNOR |
| 856 ## - Localización electrónica y acceso | |
| Identificador Uniforme de Recurso | https://repositorio.colmex.mx/concern/books/3j3333070 |
| 942 ## - ELEMENTOS DE ENTRADA SECUNDARIOS (KOHA) | |
| Tipo de ítem Koha | Livre |
| Estatus retirado | Estado de daño | Estado de pérdida | Fuente de la clasificación o esquema de estantería | Fecha de adquisición | Biblioteca de origen | Biblioteca actual | Código de barras | Precio de reemplazo | Signatura topográfica completa | No para préstamo | Tipo de ítem Koha | Nota no pública |
|---|---|---|---|---|---|---|---|---|---|---|---|---|
| Clasificación Decimal Dewey | 15/10/2025 | Casa México Paris | Casa México Paris | 005304 | 15/10/2025 | 025.02 E562b | Livre | 751145101 |